Research methods in linguistics / (رقم التسجيلة. 37207)

تفاصيل مارك
000 -فاتح التسجيلة
الفاتح 01596 a2200229 4500
008 - عناصر البيانات ثابتة الطول
عناصر البيانات ثابتة الطول 091117s2010 enka g b 001 0 eng d
020 ## - ردمك
ردمك 9780826489920 (hbk.)
020 ## - ردمك
ردمك 0826489923 (hbk.)
020 ## - ردمك
ردمك 9780826489937 (pbk.)
020 ## - ردمك
ردمك 0826489931 (pbk.)
082 00 - رقم تصنيف ديوي العشري
رقم تصنيف ديوي 407.2
اصدار خطة التصنيف 22
رقم المادة RMR
245 00 - العنوان
العنوان الفعلي Research methods in linguistics /
بيان المسئولية edited by Lia Litosseliti.
260 ## - بيانات النشر
مكان النشر London ;
-- New York :
الناشر Continuum,
التاريخ 2010.
300 ## - الوصف المادي
التعداد xi, 227 p. :
بيانات مادية أخرى ill. ;
اﻷبعاد 24 cm.
490 1# - بيان السلسلة
بيان السلسلة Research methods in linguistics
504 ## - تبصرة ببليوجرافية
تبصرة ببليوجرافية للأقراص Includes bibliographical references and index.
505 0# - تبصرة محتويات
تبصرة المحتويات Introduction / Lia Litosseliti -- Part I. Issues. Research questions in linguistics / Jane Sunderland -- Quantitative, qualitative or both? Combining methods in linguistic research / Jo Angouri -- Part II. Quantitative and corpus research methods. Quantitative methods: concepts, frameworks and issues / Sebastian M. Rasinger -- Organizing and processing your data: the nuts and bolts of quantitative analyses / Erez Levon -- Corpus methods in linguistics / Paul Baker -- Part III. Qualitative research methods. Discourse-analytic approaches to text and talk / Judith Baxter -- Linguistic ethnography / Angela Creese -- Contemplating interviews and focus groups / Nigel Edley and Lia Litosseliti -- Multimodal analysis: key issues / Jeff Bezemer and Carey Jewitt -- Narrative analysis in linguistic research / Julio C. Gimenez.
650 #0 - رأس موضوع - مصطلح موضوعي
الموضوع Linguistics
تقسيم فرعي عام Research
-- Methodology
700 1# - مدخل اضافي - المؤلف اسم شخصي
إسم الشخص Litosseliti, Lia.
830 #0 - مدخل اضافي للسلسلة - عنوان موحد
عنوان موحد Research methods in linguistics
942 ## - مداخل إضافية خاصة بكوها
Koha [default] item type كتاب
650 #0 - رأس موضوع - مصطلح موضوعي
-- 48140
700 1# - مدخل اضافي - المؤلف اسم شخصي
-- 48141
830 #0 - مدخل اضافي للسلسلة - عنوان موحد
-- 48142
المقتنيات
حالة اﻹلغاء مادة مفقودة مصدر خطة التصنيف أو الترفيف حالة التلف غير مسموح باﻹعارة موقع غير دائم الموقع الحالي تاريخ التزويد إجمالي اﻹعارات رقم الطلب بالكامل الباركود آخر تاريخ للعرض رقم النسخة السعر فعال من تاريخ نوع المادة في كوها آخر تاريخ إعارة إجمالي التجديدات
    Dewey Decimal Classification   Not For Loan المكتبة المركزية بالمجمعة (CL) المكتبة المركزية بالمجمعة (CL) 2015-07-06   407.2 RMR 00212141 2015-07-06 1 2015-07-06 كتاب    
    Dewey Decimal Classification     المكتبة المركزية بالمجمعة (CL) المكتبة المركزية بالمجمعة (CL) 2015-07-06 1 407.2 RMR 00212140 2018-09-03 2 2015-07-06 كتاب 2018-03-08  
    Dewey Decimal Classification     المكتبة المركزية بالمجمعة (CL) المكتبة المركزية بالمجمعة (CL) 2015-07-06 1 407.2 RMR 00212139 2019-12-18 3 2015-07-06 كتاب 2019-09-17 1
    Dewey Decimal Classification   Not For Loan مكتبة مجمع الكليات بالزلفى - طلاب (SZM) مكتبة مجمع الكليات بالزلفى - طلاب (SZM) 2015-07-06   407.2 RMR 00212143 2015-07-06 1 2015-07-06 كتاب    
    Dewey Decimal Classification     مكتبة مجمع الكليات بالزلفى - طلاب (SZM) مكتبة مجمع الكليات بالزلفى - طلاب (SZM) 2015-07-06   407.2 RMR 00212142 2015-07-06 2 2015-07-06 كتاب